Ecology of the pea aphid in the Blue Mountain area of eastern Washington and Oregon (Record no. 11905)

MARC details
000 -LEADER
fixed length control field 00747cam a22002171 4500
001 - CONTROL NUMBER
control field agr63000445
003 - CONTROL NUMBER IDENTIFIER
control field DLC
005 - DATE AND TIME OF LATEST TRANSACTION
control field 20260227111022.0
008 - FIXED-LENGTH DATA ELEMENTS--GENERAL INFORMATION
fixed length control field 820519s1963 dcuab 000 0 eng
010 ## - LIBRARY OF CONGRESS CONTROL NUMBER
LC control number agr63000445
035 ## - SYSTEM CONTROL NUMBER
System control number (OCoLC)16762897
040 ## - CATALOGING SOURCE
Original cataloging agency DLC
Transcribing agency OrPS
Modifying agency OCoLC
-- DLC
042 ## - AUTHENTICATION CODE
Authentication code premarc
050 00 - LIBRARY OF CONGRESS CALL NUMBER
Classification number S21
Item number .A72 no. 1287
100 1# - MAIN ENTRY--PERSONAL NAME
Personal name Cook, William Carmichael,
Dates associated with a name 1895-1967.
245 10 - TITLE STATEMENT
Title Ecology of the pea aphid in the Blue Mountain area of eastern Washington and Oregon
260 ## - PUBLICATION, DISTRIBUTION, ETC.
Place of publication, distribution, etc. Washington]
Name of publisher, distributor, etc. Agricultural Research Service, U.S. Dept. of Agriculture
Date of publication, distribution, etc. [1963]
300 ## - PHYSICAL DESCRIPTION
Extent 48 p.
Other physical details illus., maps.
Dimensions 24 cm.
650 #0 - SUBJECT ADDED ENTRY--TOPICAL TERM
Topical term or geographic name entry element Pea aphid.
830 #0 - SERIES ADDED ENTRY--UNIFORM TITLE
Uniform title Technical bulletin (United States. Department of Agriculture) ;
Volume/sequential designation no. 1287.

No items available.

Powered by Koha